[Event "Warsaw Maciei Memorial"]
[Site "Warsaw"]
[Date "2023.07.10"]
[Round "10"]
[White "Kaminski, Maciej1111"]
[Black "Kultiyasov, Mikhail"]
[Result "0-1"]
[WhiteElo "1917"]
[BlackElo "2204"]
[PlyCount "106"]
[EventDate "2023.07.10"]
[EventType "swiss (blitz)"]
[EventRounds "11"]
[EventCountry "POL"]
[SourceTitle "CBM 215 Extra"]
[Source "ChessBase"]
[SourceDate "2023.09.30"]
[SourceVersion "1"]
[SourceVersionDate "2023.09.30"]
[SourceQuality "1"]

1. e4 c5 2. Nf3 e6 3. d4 cxd4 4. Nxd4 a6 5. Bd3 Bc5 6. Nb3 Be7 7. Qg4 g6 8. Qe2 d6 9. 0-0 Nd7 10. f4 Qc7 11. c4 Ngf6 12. Nc3 b6 13. f5 Ne5 14. fxg6 hxg6 15. Bg5 Nfg4 16. Bxe7 Qxe7 17. h3 Nf6 18. Rad1 Bb7 19. Bb1 Nh5 20. Qf2 Qc7 21. Rc1 g5 22. Na4 Nf4 23. Qxb6 Qxb6+ 24. Nxb6 Ne2+ 25. Kf2 Nxc1 26. Nxa8 Nxb3 27. Nc7+ Kd7 28. Nxa6 Nd2 29. Rd1 Bxa6 30. Rxd2 Nxc4 31. Rc2 Ne5 32. Rd2 Rb8 33. b3 Ke7 34. Rc2 Kd7 35. Rd2 Rc8 36. Rd1 Ke7 37. g3 Nc6 38. h4 gxh4 39. gxh4 Rh8 40. Rh1 Ne5 41. Ke3 Ng4+ 42. Kf4 Nf2 43. Rh2 Nd3+ 44. Ke3 Ne5 45. h5 Ng4+ 46. Kf4 Nxh2 47. Kg5 f6+ 48. Kg6 Ng4 49. Bc2 Rh6+ 50. Kg7 Rxh5 51. a4 Rg5+ 52. Kh7 Kf7 53. b4 Rh5# 0-1

[Event "Warsaw Maciei Memorial"]
[Site "Warsaw"]
[Date "2023.07.10"]
[Round "1"]
[White "Kultiyasov, Mikhail"]
[Black "Oles, Jan"]
[Result "1-0"]
[WhiteElo "2204"]
[BlackElo "1236"]
[PlyCount "35"]
[EventDate "2023.07.10"]
[EventType "swiss (blitz)"]
[EventRounds "11"]
[EventCountry "POL"]
[SourceTitle "CBM 215 Extra"]
[Source "ChessBase"]
[SourceDate "2023.09.30"]
[SourceVersion "1"]
[SourceVersionDate "2023.09.30"]
[SourceQuality "1"]

1. e4 e5 2. Nf3 d6 3. d4 exd4 4. Nxd4 Nf6 5. Nc3 Be7 6. Bc4 0-0 7. 0-0 Nxe4 8. Nxe4 d5 9. Bd3 dxe4 10. Bxe4 f5 11. Bf3 c5 12. Nb5 Qxd1 13. Rxd1 Na6 14. Bf4 Nb4 15. Nc7 Rb8 16. Nd5 Nxd5 17. Bxd5+ Kh8 18. Bxb8 1-0

[Event "Warsaw Maciei Memorial"]
[Site "Warsaw"]
[Date "2023.07.10"]
[Round "6"]
[White "Lasota, Adam"]
[Black "Kultiyasov, Mikhail"]
[Result "0-1"]
[WhiteElo "1927"]
[BlackElo "2204"]
[PlyCount "48"]
[EventDate "2023.07.10"]
[EventType "swiss (blitz)"]
[EventRounds "11"]
[EventCountry "POL"]
[SourceTitle "CBM 215 Extra"]
[Source "ChessBase"]
[SourceDate "2023.09.30"]
[SourceVersion "1"]
[SourceVersionDate "2023.09.30"]
[SourceQuality "1"]

1. d4 Nf6 2. Bf4 g6 3. e3 Bg7 4. Be2 d6 5. h3 0-0 6. Nf3 Nc6 7. 0-0 Nd7 8. Bh2 e5 9. c3 f5 10. b4 a6 11. a4 g5 12. Qb3+ Kh8 13. dxe5 Ndxe5 14. Nd4 f4 15. Nxc6 bxc6 16. Nd2 Qe7 17. Nf3 Be6 18. Qc2 fxe3 19. fxe3 Nc4 20. Bxc4 Bxc4 21. Rfe1 Rae8 22. Nd4 Qd7 23. Rad1 g4 24. hxg4 Qxg4 0-1

[Event "Bialystok Zamenhof Memorial 35th"]
[Site "Bialystok"]
[Date "2016.12.31"]
[Round "9"]
[White "Cherepov, Alexej"]
[Black "Kultiyasov, Mikhail"]
[Result "1/2-1/2"]
[WhiteElo "2106"]
[BlackElo "2273"]
[PlyCount "34"]
[EventDate "2016.12.27"]
[EventType "swiss (rapid)"]
[EventRounds "9"]
[EventCountry "POL"]
[SourceTitle "CBM 176 Extra"]
[Source "ChessBase"]
[SourceDate "2017.03.02"]
[SourceVersion "1"]
[SourceVersionDate "2017.03.02"]
[SourceQuality "1"]

1. d4 Nf6 2. c4 g6 3. Nc3 Bg7 4. e4 d6 5. Be2 0-0 6. Bg5 a6 7. Qd2 c5 8. d5 Qa5 9. a4 Re8 10. Nf3 b5 11. Bd3 bxc4 12. Bxc4 Bg4 13. Be2 Qb4 14. h3 Bxf3 15. gxf3 Nbd7 16. a5 Reb8 17. Na4 Qb7 1/2-1/2

[Event "Bialystok Zamenhof Memorial 35th"]
[Site "Bialystok"]
[Date "2016.12.27"]
[Round "1"]
[White "Parol, Pola"]
[Black "Kultiyasov, Mikhail"]
[Result "0-1"]
[WhiteElo "2040"]
[BlackElo "2273"]
[PlyCount "98"]
[EventDate "2016.12.27"]
[EventType "swiss (rapid)"]
[EventRounds "9"]
[EventCountry "POL"]
[SourceTitle "CBM 176 Extra"]
[Source "ChessBase"]
[SourceDate "2017.03.02"]
[SourceVersion "1"]
[SourceVersionDate "2017.03.02"]
[SourceQuality "1"]

1. e4 c5 2. Nf3 e6 3. d4 cxd4 4. Nxd4 a6 5. c4 Nf6 6. Nc3 Bb4 7. Qd3 Nc6 8. Nxc6 dxc6 9. e5 Qxd3 10. Bxd3 Nd7 11. f4 f6 12. exf6 gxf6 13. 0-0 a5 14. Be3 Bc5 15. Rae1 Bxe3+ 16. Rxe3 Nc5 17. Ne4 Nxe4 18. Bxe4 Bd7 19. Rb3 0-0-0 20. c5 Kc7 21. Rd1 f5 22. Bf3 Bc8 23. Rbd3 Rxd3 24. Rxd3 Re8 25. Ra3 b6 26. cxb6+ Kxb6 27. Rb3+ Kc7 28. Rc3 Bd7 29. Rc5 Rb8 30. b3 a4 31. Bd1 Kd6 32. Rc4 c5 33. Kf2 Bc6 34. bxa4 Bd5 35. Rc2 Rb4 36. Kg3 Rxa4 37. Bf3 Bxa2 38. Rb2 Bd5 39. Rb8 c4 40. Rd8+ Kc5 41. Rd7 h6 42. Kh4 c3 43. Kh5 Bxf3+ 44. gxf3 Rxf4 45. h4 Kc4 46. Kxh6 c2 47. Rc7+ Kd3 48. h5 Rc4 49. Rxc4 Kxc4 0-1

[Event "EU-ch rapid"]
[Site "Minsk"]
[Date "2015.12.19"]
[Round "2"]
[White "Kultiyasov, Mikhail"]
[Black "Guseinov, Gadir"]
[Result "0-1"]
[WhiteElo "2273"]
[BlackElo "2646"]
[PlyCount "81"]
[EventDate "2015.12.19"]
[EventType "swiss (rapid)"]
[EventRounds "11"]
[EventCountry "BLR"]
[SourceTitle "EXT 2017"]
[Source "ChessBase"]
[SourceDate "2016.10.25"]
[SourceVersion "1"]
[SourceVersionDate "2016.10.25"]
[SourceQuality "1"]

1. e4 c5 2. Nf3 Nc6 3. d4 cxd4 4. Nxd4 g6 5. c4 Bg7 6. Be3 Nf6 7. Nc3 0-0 8. Be2 d6 9. Qd2 Bd7 10. 0-0 Nxd4 11. Bxd4 Bc6 12. f3 a5 13. b3 Nd7 14. Be3 Nc5 15. Rab1 e6 16. Rfc1 Be5 17. Kh1 Qh4 18. f4 Bxc3 19. Qxc3 Nxe4 20. Qe1 Qxe1+ 21. Rxe1 f5 22. Rbd1 g5 23. Kg1 gxf4 24. Bxf4 e5 25. Be3 Kf7 26. Bf3 Ke6 27. Bxe4 Bxe4 28. Rd2 Rg8 29. Kf1 Rg6 30. Red1 Ra6 31. g3 h5 32. Kf2 Rc6 33. h4 Rg8 34. Bg5 a4 35. Ke3 axb3 36. axb3 Ra8 37. b4 Ra3+ 38. Kf2 Rf3+ 39. Ke1 Rxg3 40. b5 Rg1+ 41. Kf2 0-1

[Event "Benidorm op U2300 13th"]
[Site "Benidorm"]
[Date "2014.12.07"]
[Round "10"]
[White "Kultiyasov, Mikhail"]
[Black "Gromovs, Sergejs"]
[Result "1/2-1/2"]
[WhiteElo "2228"]
[BlackElo "2255"]
[PlyCount "145"]
[EventDate "2014.11.28"]
[EventType "swiss"]
[EventRounds "10"]
[EventCountry "ESP"]
[SourceTitle "CBM 163 Extra"]
[Source "ChessBase"]
[SourceDate "2014.12.23"]
[SourceVersion "1"]
[SourceVersionDate "2014.12.23"]
[SourceQuality "1"]

1. e4 e5 2. Nf3 Nc6 3. Bb5 a6 4. Ba4 Nf6 5. 0-0 b5 6. Bb3 Be7 7. Re1 0-0 8. c3 d6 9. h3 Na5 10. Bc2 c5 11. d4 Nc6 12. Be3 Qc7 13. Nbd2 Bb7 14. d5 Nb8 15. a4 Nbd7 16. Qe2 c4 17. Nf1 Nc5 18. Ng3 g6 19. Ra3 Nfd7 20. Rea1 Nb6 21. Nd2 Ncxa4 22. Bxa4 Nxa4 23. Nxc4 f5 24. exf5 Bxd5 25. Nd2 Bf7 26. Bh6 Rfc8 27. fxg6 hxg6 28. Rb1 d5 29. Raa1 Bd6 30. Qg4 Qe7 31. Nf5 Qf6 32. Nxd6 Qxd6 33. Qh4 Nc5 34. Bg5 Rc6 35. Rd1 Qe6 36. Nf3 Ne4 37. Re1 a5 38. Be3 a4 39. Ng5 Nxg5 40. Bxg5 Rc4 41. Qg3 Re8 42. Re2 Kg7 43. Kh1 Kg8 44. Kh2 Qf5 45. Rae1 e4 46. Be3 a3 47. Bd4 b4 48. b3 Rxc3 49. Bxc3 bxc3 50. Qxc3 Rb8 51. Ra1 Qf4+ 52. Kg1 Qd6 53. Rd2 Qe7 54. Rd4 Be6 55. Rd2 Bf7 56. Rda2 Ra8 57. Qd4 Qd6 58. b4 Qc6 59. Kh2 Qc7+ 60. Kg1 Ra4 61. Qd2 Qa7 62. Qc1 d4 63. Rxa3 Rxa3 64. Rxa3 Qb7 65. Ra5 Qxb4 66. Rc5 d3 67. Rc8+ Kh7 68. Rd8 Qe7 69. Rd4 Qe5 70. Rd8 Qe7 71. Rd4 Qe5 72. Rd8 Qe7 73. Rd4 1/2-1/2

[Event "Benidorm op U2300 12th"]
[Site "Benidorm"]
[Date "2013.12.05"]
[Round "8"]
[White "Arias Igual, Alejandro"]
[Black "Kultiyasov, Mikhail"]
[Result "0-1"]
[WhiteElo "2178"]
[BlackElo "2188"]
[PlyCount "68"]
[EventDate "2013.11.29"]
[EventType "swiss"]
[EventRounds "10"]
[EventCountry "ESP"]
[SourceTitle "CBM 157 Extra"]
[Source "ChessBase"]
[SourceDate "2013.12.19"]
[SourceVersion "1"]
[SourceVersionDate "2013.12.19"]
[SourceQuality "1"]

1. d4 Nf6 2. Nf3 g6 3. Bg5 Bg7 4. Nbd2 d6 5. e4 h6 6. Bh4 g5 7. Bg3 Nh5 8. c3 e6 9. Bd3 Qe7 10. e5 Nc6 11. Qe2 Bd7 12. 0-0-0 0-0-0 13. exd6 cxd6 14. Nc4 Nxg3 15. hxg3 Rhe8 16. Rhe1 Qf8 17. Ne3 Kb8 18. Qc2 Rc8 19. d5 Nb4 20. Qb3 Nxd3+ 21. Rxd3 e5 22. Rdd1 f5 23. Nc4 Rc5 24. Ne3 Rec8 25. Nc2 Qd8 26. Re2 Bb5 27. Red2 Bc4 28. Qa4 Ra5 29. Qb4 Rxa2 30. Kb1 a5 31. Qxc4 Rxc4 32. Ne3 Qb6 33. Kc2 Rc7 34. Nxf5 Qb4 0-1

[Event "Warsaw Najdorf Memorial op-A"]
[Site "Warsaw"]
[Date "2008.08.09"]
[Round "9.41"]
[White "Kultiyasov, Mikhail"]
[Black "Skwarczylo, Marek"]
[Result "1-0"]
[WhiteElo "2141"]
[BlackElo "2024"]
[PlyCount "93"]
[EventDate "2008.08.02"]
[EventType "swiss"]
[EventRounds "9"]
[EventCountry "POL"]
[SourceTitle "EXT 2023"]
[Source "ChessBase"]
[SourceDate "2022.10.05"]
[SourceVersion "1"]
[SourceVersionDate "2022.10.05"]
[SourceQuality "1"]

1. e4 c5 2. Nf3 Nc6 3. d4 cxd4 4. Nxd4 Nf6 5. Nc3 e5 6. Ndb5 d6 7. Bg5 a6 8. Na3 b5 9. Nd5 Be7 10. Bxf6 Bxf6 11. c3 Bg5 12. Nc2 0-0 13. a4 bxa4 14. Rxa4 a5 15. Bc4 Rb8 16. Ra2 Be6 17. Nce3 Kh8 18. 0-0 Ne7 19. Nxe7 Qxe7 20. Nd5 Qd8 21. Qe2 Bxd5 22. Bxd5 Qb6 23. g3 g6 24. h4 Be7 25. h5 Kg7 26. Kg2 f5 27. hxg6 hxg6 28. exf5 Rxf5 29. b3 Rh8 30. Rfa1 Bd8 31. Be4 Rf6 32. Qc4 Qc7 33. Qxc7+ Bxc7 34. b4 axb4 35. Ra7 Rf7 36. Bd5 Re7 37. cxb4 Rb8 38. R1a4 Kf6 39. f3 Bb6 40. Ra8 Rxa8 41. Rxa8 Rg7 42. Ra6 Bc7 43. b5 Bb8 44. b6 Rd7 45. Kh3 Rd8 46. Kg4 Rf8 47. Ra7 1-0

[Event "Warsaw Najdorf Memorial op-A"]
[Site "Warsaw"]
[Date "2008.08.04"]
[Round "3"]
[White "Sielicki, Tomasz"]
[Black "Kultiyasov, Mikhail"]
[Result "1-0"]
[WhiteElo "2043"]
[BlackElo "2141"]
[PlyCount "135"]
[EventDate "2008.08.02"]
[EventType "swiss"]
[EventRounds "9"]
[EventCountry "POL"]
[SourceTitle "CBM 125 Extra"]
[Source "ChessBase"]
[SourceDate "2008.09.01"]
[SourceVersion "1"]
[SourceVersionDate "2008.09.01"]
[SourceQuality "1"]

1. d4 g6 2. c4 Bg7 3. Nc3 c5 4. d5 Bxc3+ 5. bxc3 Qa5 6. Qc2 f5 7. e4 fxe4 8. f3 Nf6 9. fxe4 d6 10. Bd3 Nbd7 11. Nf3 Ne5 12. Nxe5 dxe5 13. 0-0 0-0 14. Rb1 Kg7 15. Be3 Qc7 16. Qd2 Rf7 17. Qf2 b6 18. Qh4 h5 19. Be2 Bd7 20. Rf2 Qd6 21. Rbf1 Rh8 22. h3 Be8 23. Rf3 Ba4 24. Rg3 Bc2 25. Bf3 Rh7 26. Rxg6+ Kf8 27. Bg5 Bd3 28. Rf2 Ke8 29. Bxf6 Rxf6 30. Rxf6 exf6 31. Bxh5+ Ke7 32. Rf5 Rg7 33. Bf3 Bxc4 34. Qh8 Rf7 35. Bh5 Rf8 36. Qg7+ Kd8 37. Qxa7 Qc7 38. Qa4 Bd3 39. Bg4 c4 40. Qb4 Qc5+ 41. Qxc5 bxc5 42. Bf3 Ke7 43. Rh5 Ra8 44. Rh7+ Kd6 45. Rf7 f5 46. Rxf5 Rxa2 47. Rf6+ Kd7 48. h4 Ra3 49. h5 Ke7 50. Re6+ Kf7 51. Rxe5 Rxc3 52. d6 Ra3 53. Rxc5 c3 54. Kf2 c2 55. Ke1 Bxe4 56. Bxe4 Re3+ 57. Kf2 Rxe4 58. Rxc2 Rh4 59. d7 Rd4 60. Rc7 Kf6 61. Ke3 Rd1 62. g4 Kg5 63. Rc5+ Kh6 64. Rc6+ Kh7 65. Rc7 Kh6 66. Ke4 Re1+ 67. Kf5 Rf1+ 68. Ke6 1-0

[Event "Warsaw Najdorf Memorial op-A"]
[Site "Warsaw"]
[Date "2008.08.03"]
[Round "2"]
[White "Kultiyasov, Mikhail"]
[Black "Plichta, Kamil"]
[Result "0-1"]
[WhiteElo "2141"]
[BlackElo "2014"]
[PlyCount "50"]
[EventDate "2008.08.02"]
[EventType "swiss"]
[EventRounds "9"]
[EventCountry "POL"]
[SourceTitle "CBM 125 Extra"]
[Source "ChessBase"]
[SourceDate "2008.09.01"]
[SourceVersion "1"]
[SourceVersionDate "2008.09.01"]
[SourceQuality "1"]

1. e4 c5 2. Nf3 Nc6 3. d4 cxd4 4. Nxd4 g6 5. c4 Bg7 6. Be3 Nf6 7. Nc3 Ng4 8. Qxg4 Nxd4 9. Qd1 e5 10. Nb5 0-0 11. Be2 Qh4 12. Bf3 d5 13. Bxd4 exd4 14. cxd5 Bd7 15. Nxd4 Qf6 16. Nb3 Qxb2 17. 0-0 Rac8 18. Re1 Ba4 19. Qd3 Rc3 20. Qf1 Rc2 21. Rab1 Qxa2 22. Na5 Bd4 23. Re2 Bxf2+ 24. Kh1 Rfc8 25. Nxb7 Qxb1 0-1